000 00456nam a22001577a 4500
003 OSt
005 20140311130134.0
008 130608t xxu||||| |||| 00| 0 eng d
050 _aML 102
_b.B624 1995
082 _aM 780.2
_bB55 1995
245 _aMusic reference library volume 3 :
_bcountry and western music /
260 _aCalifornia :
_bSanta Monica Press,
_c1995
300 _a128 p. :
_bill. ;
_c17 cm.
942 _2lcc
_cBK
_kM
999 _c35470
_d35470